000 00449nmm a2200157Ia 4500
008 251105s9999||||xx |||||||||||||||||und||
041 _aspa
100 _aAlonso, Enrique
245 0 _aLos viajes en el tiempo
264 _a[Madrid, España] :
_bUniversidad Autónoma de Madrid,
_c2009
300 _a169 páginas
650 _aSciences
700 _a Romerales, Enrique
856 _uhttps://public.digitaliapublishing.com/a/19639
942 _cCF
999 _c61787
_d61787